| 000 | 01010nam a22003017a 4500 | ||
|---|---|---|---|
| 001 | BR9000042 | ||
| 003 | BR-BrBNA | ||
| 005 | 20230928093339.0 | ||
| 007 | ta | ||
| 008 | 230509b bl.||||| |||| 00| 0 por d | ||
| 040 |
_aBR-BrBNA _bpor _cBiblioteca Nacional de Agricultura |
||
| 041 | _a(Por) | ||
| 072 |
_aE12 _b/G514 |
||
| 090 | _ E12 BR9000042 | ||
| 100 | 1 | _aVicente, M.C.M. | |
| 110 | 1 |
_aEscola Superior de Agricultura Luiz de Queiroz, Piracicaba, SP (Brasil) _0Tese (Mestrado) |
|
| 245 | 1 | _aO mercado de mao-de-obra volante na agricultura paulista, 1974/75 a 1986/87 | |
| 246 | 1 | _aThe temporary (nonresident)agricultural labor market in the state of Sao Paulo, Brazil, from 1974/75 to 1986/87 | |
| 260 | 3 |
_aPiracicaba, SP (Brasil): _c1989. |
|
| 300 | _a76 p. | ||
| 500 | _aSummaries (Eng, Por); 44 ref.; 14 tables | ||
| 650 | _aMERCADO DE TRABALHO | ||
| 650 | _aMAO-DE-OBRA | ||
| 650 | _aTRABALHADOR RURAL | ||
| 650 | _aSAO PAULO | ||
| 909 |
_a202309 _bLucia _c55 _dLucia Elande |
||
| 942 | _cBK | ||
| 999 |
_c44457 _d44457 |
||